Innovation And Incubation Center At University Of Pune (Record no. 361066)

MARC details
000 -LEADER
fixed length control field 00295nam a2200097Ia 4500
008 - FIXED-LENGTH DATA ELEMENTS--GENERAL INFORMATION
fixed length control field 241105s9999 xx 000 0 und d
041 ## - LANGUAGE CODE
Language code of text/sound track or separate title eng
100 ## - MAIN ENTRY--PERSONAL NAME
Personal name Bhansali Khushaboo
9 (RLIN) 182775
245 ## - TITLE STATEMENT
Title Innovation And Incubation Center At University Of Pune
260 ## - PUBLICATION, DISTRIBUTION, ETC. (IMPRINT)
Name of publisher, distributor, etc. FInal Year B Arch BNCA, Pune
Date of publication, distribution, etc. 2015

No items available.